[Event "London m exib"]
[Site "London ENG"]
[Date "1983.??.??"]
[Round "5"]
[White "Hort, Vlastimil"]
[Black "Miles, Anthony J"]
[Result "1-0"]
[WhiteElo "2585"]
[BlackElo "2585"]
[PlyCount "115"]
[EventDate "1983.11.??"]
[Source "www.chesslib.no"]
[SourceDate "2004.05.04"]

1. e4 e5 2. f4 Nh6 3. Nf3 d5 4. exd5 e4 5. Qe2 Be7 6. Qxe4 O-O 7. Bd3 Bh4+ 8. Kf1 Bf5 9. Qc4 Bg4 10. Nc3 Re8 11. b3 Bxf3 12. gxf3 Be1 13. Kg2 Qh4 14. Rf1 Nd7 15. Ne4 Nf5 16. Rxe1 Nb6 17. Qc5 Qxe1 18. Bb2 Qh4 19. Ng3 Ne7 20. Qd4 f6 21. c4 c5 22. Qxc5 Qxf4 23. Qf2 Ng6 24. Rf1 Nd7 25. Kh1 Nde5 26. Be4 Nh4 27. d3 Nf7 28. Bc1 Qe5 29. d4 Qc7 30. c5 Qd7 31. d6 Kh8 32. Nh5 Ng6 33. Qg2 Nd8 34. Rg1 Ne6 35. Qh3 Ngf8 36. Qh4 Qf7 37. d5 Ng5 38. Bxg5 fxg5 39. Qxg5 Ng6 40. Bxg6 hxg6 41. Nf4 Kg8 42. Qxg6 Qxg6 43. Rxg6 Re1+ 44. Kg2 Kf7 45. Re6 Rc1 46. b4 Re8 47. d7 Rd8 48. Nd3 Rc2+ 49. Kg3 Kf8 50. Ne5 Rd2 51. c6 bxc6 52. dxc6 Rc2 53. b5 Rc5 54. a4 g5 55. Kg4 Rc1 56. Kxg5 Kg7 57. Re8 Rg1+ 58. Kf4 1-0

[Event "Las Vegas USA"]
[Site "?"]
[Date "2006.06.17"]
[Round "4"]
[White "Mitkov Nikola"]
[Black "Mikhalevski Victor"]
[Result "1/2-1/2"]
[WhiteElo "2561"]
[BlackElo "2566"]
[PlyCount "49"]
[EventDate "2006.??.??"]
[Source "www.chesslib.no"]
[SourceDate "2004.05.04"]

1. e4 e5 2. Bc4 Nc6 3. Nc3 Nf6 4. d3 Bc5 5. f4 d6 6. Nf3 O-O 7. Na4 Bb6 8. Nxb6 axb6 9. O-O Na5 10. Bd5 c6 11. Bxf7+ Rxf7 12. fxe5 dxe5 13. b4 Nxe4 14. bxa5 Nf6 15. Bb2 Bg4 16. Bxe5 Rxa5 17. d4 Nd7 18. Bg3 Nf8 19. Qd3 Bxf3 20. Rxf3 Rxf3 21. gxf3 Rd5 22. c3 b5 23. Re1 Ng6 24. Qe4 Qd7 25. Qe8+ 1/2-1/2

[Event "JUG-chT"]
[Site "Budva"]
[Date "1996.??.??"]
[Round "2"]
[White "Kharlov, Andrei"]
[Black "Tseshkovsky, Vitaly"]
[Result "1-0"]
[WhiteElo "2575"]
[BlackElo "2540"]
[PlyCount "71"]
[EventDate "1996.??.??"]
[Source "ChessBase"]

1. e4 d6 2. f4 e5 3. d3 Nc6 4. Nf3 g6 5. Nc3 Bg7 6. g3 Nge7 7. Bg2 O-O 8. O-O a6 9. fxe5 dxe5 10. Rf2 h6 11. Qf1 Be6 12. Bh3 Qd7 13. Bxe6 Qxe6 14. Be3 b6 15. Qg2 Rad8 16. Kh1 Nd4 17. g4 c6 18. Rg1 b5 19. b3 Rd7 20. Qh3 Nxf3 21. Rxf3 Kh7 22. Qh4 f6 23. Qf2 Rf7 24. g5 Ng8 25. gxh6 Nxh6 26. Bxh6 Bxh6 27. Qh4 Qe7 28. Rfg3 f5 29. Qh3 Rd6 30. Qg2 Qe6 31. exf5 gxf5 32. Rh3 Rd8 33. Rh5 b4 34. Ne4 fxe4 35. Qxe4+ Kh8 36. Rg6 1-0

[Event "NED-ch"]
[Site "Rotterdam"]
[Date "2000.05.17"]
[Round "9"]
[White "Reinderman, Dimitri"]
[Black "Van den Doel, Erik"]
[Result "0-1"]
[WhiteElo "2561"]
[BlackElo "2522"]
[PlyCount "60"]
[EventDate "2000.05.07"]
[Source "ChessBase"]
[SourceDate "2000.07.27"]

1. f4 d6 2. e4 e5 3. Bc4 exf4 4. d4 Qh4+ 5. Kf1 g5 6. Nc3 Bg4 7. Nf3 Bxf3 8. Qxf3 Nc6 9. Ne2 Bg7 10. c3 Nf6 11. g3 Qh3+ 12. Kf2 Ng4+ 13. Ke1 Nge5 14. dxe5 Nxe5 15. Bb5+ c6 16. Qf1 Qxf1+ 17. Rxf1 cxb5 18. gxf4 Nd3+ 19. Kd2 Nc5 20. fxg5 h6 21. b4 Nxe4+ 22. Kd3 Nxg5 23. Rf5 Be5 24. Bxg5 hxg5 25. Rxg5 Ke7 26. Rf1 Rh3+ 27. Ng3 Rc8 28. Rf2 Rxc3+ 29. Kd2 Rc4 30. Nh5 Rxb4 0-1

[Event "Bad Endbach"]
[Site "Bad Endbach"]
[Date "1995.??.??"]
[Round "?"]
[White "Tischbierek, Raj"]
[Black "Mikhalevski, Victor"]
[Result "0-1"]
[WhiteElo "2520"]
[BlackElo "2525"]
[PlyCount "80"]
[EventDate "1995.04.??"]
[Source "ChessBase"]

1. e4 e5 2. Bc4 Nc6 3. Nc3 Nf6 4. d3 Bc5 5. f4 d6 6. Nf3 Bg4 7. Na4 Bxf3 8. Qxf3 Nd4 9. Qd1 b5 10. Nxc5 bxc4 11. fxe5 dxc5 12. exf6 Qxf6 13. c3 Nc6 14. dxc4 Ne5 15. Be3 Rd8 16. Qh5 O-O 17. Qf5 Nd3+ 18. Ke2 Qa6 19. b3 g6 20. Qf3 f5 21. Rhd1 Ne5 22. Qg3 Rde8 23. Bxc5 f4 24. Qh3 f3+ 25. gxf3 Rxf3 26. Qh4 Qc6 27. Rd8 Qxc5 28. Rxe8+ Kf7 29. Qxh7+ Kxe8 30. Qg8+ Ke7 31. Qh7+ Ke8 32. Qg8+ Ke7 33. Qh7+ Rf7 34. Qh4+ Ke6 35. Rd1 g5 36. Qg3 Rf3 37. Qg1 Qxg1 38. Rxg1 Rxc3 39. Rxg5 Rc2+ 40. Kd1 Rxh2 0-1

[Event "RUS-Cup"]
[Site "Tula "]
[Date "1999.??.??"]
[Round "2"]
[White "Kostenko, Petr"]
[Black "Bezgodov, Alexei"]
[Result "1-0"]
[WhiteElo "2468"]
[BlackElo "2557"]
[PlyCount "91"]
[EventDate "1999.??.??"]
[Source "www.chesslib.no"]
[SourceDate "2004.05.04"]

1. e4 e5 2. Nc3 Nf6 3. Bc4 Nc6 4. d3 Bc5 5. f4 d6 6. Nf3 Bg4 7. h3 Bxf3 8. Qxf3 exf4 9. Bxf4 Nd4 10. Qd1 c6 11. Na4 b5 12. Nxc5 dxc5 13. Bb3 Qb6 14. c3 Nxb3 15. axb3 c4 16. Bg5 cxd3 17. Qxd3 Rd8 18. Qf3 O-O 19. Be3 c5 20. O-O Rde8 21. b4 Nxe4 22. bxc5 Qc7 23. Ra6 Qe7 24. c6 Nc5 25. Bxc5 Qxc5+ 26. Qf2 Qxf2+ 27. Kxf2 Re6 28. Rd1 g6 29. Rd5 Rc8 30. Rxb5 Rcxc6 31. Rxc6 Rxc6 32. Rb7 a5 33. Ke3 a4 34. Kd4 Ra6 35. c4 a3 36. bxa3 Rxa3 37. c5 Ra2 38. c6 Rc2 39. Kd5 Kg7 40. Kd6 Rxg2 41. Rb5 Rd2+ 42. Rd5 Rc2 43. c7 Rxc7 44. Kxc7 Kf6 45. Kd6 g5 46. Kc5 1-0

[Event "Israel"]
[Site "?"]
[Date "1999.??.??"]
[Round "?"]
[White "Finkel Alexander"]
[Black "Mikhalevski Victor"]
[Result "0-1"]
[WhiteElo "2456"]
[BlackElo "2531"]
[PlyCount "60"]
[EventDate "1999.??.??"]
[Source "www.chesslib.no"]
[SourceDate "2004.05.04"]

1. e4 e5 2. Nc3 Nc6 3. Bc4 Nf6 4. d3 Bc5 5. f4 d6 6. Nf3 Bg4 7. Na4 Bb6 8. Nxb6 axb6 9. a3 exf4 10. Bxf4 d5 11. exd5 Nxd5 12. Qe2+ Kf8 13. Qe4 Bxf3 14. Qxf3 Qh4+ 15. g3 Qe7+ 16. Kd2 Nd4 17. Qxd5 Qe2+ 18. Kc3 Qxc2+ 19. Kxd4 Qxb2+ 20. Ke4 Qe2+ 21. Kf5 Ra5 22. Qxa5 g6+ 23. Kg5 Qh5+ 24. Kf6 bxa5 25. g4 Qh4+ 26. Ke5 Qe7+ 27. Kd4 c5+ 28. Kd5 Kg7 29. Bb5 Rd8+ 30. Kc4 Rd4+ 0-1

[Event "Finjub30 GM2"]
[Site "Finjub30 GM2"]
[Date "1992.??.??"]
[Round "?"]
[White "Jensen, Allan"]
[Black "Zecha, Gerhard"]
[Result "0-1"]
[WhiteElo "2425"]
[BlackElo "2525"]
[PlyCount "120"]
[EventDate "1992.??.??"]
[Source "www.chesslib.no"]
[SourceDate "2004.05.04"]

1. e4 e5 2. Bc4 Nf6 3. d3 Nc6 4. Nc3 Bc5 5. f4 d6 6. Nf3 a6 7. fxe5 dxe5 8. Bg5 Qd6 9. Bxf6 Qxf6 10. Nd5 Qd6 11. Rf1 Bg4 12. Qd2 O-O-O 13. h3 Bxf3 14. Rxf3 f6 15. O-O-O Nd4 16. Rg3 Rd7 17. c3 Ne6 18. h4 Rhd8 19. Rf3 b5 20. Bb3 Kb7 21. Bc2 c6 22. Ne3 Bxe3 23. Rxe3 c5 24. Qf2 Qb6 25. Re2 Qa5 26. Kb1 Rd6 27. Red2 Qb6 28. Kc1 a5 29. a4 b4 30. Bb3 Nc7 31. Bc4 Qc6 32. Bb3 Qb6 33. Qf5 Ka7 34. Kc2 Rb8 35. Rb1 c4 36. Bxc4 b3+ 37. Kc1 Qg1+ 38. Rd1 Qxg2 39. Rd2 Qh1+ 40. Rd1 Qh2 41. Rd2 Qg1+ 42. Rd1 Qe3+ 43. Rd2 Qe1+ 44. Rd1 Qxh4 45. Ra1 Na6 46. Ra3 Nc5 47. Qf3 Qf4+ 48. Qxf4 exf4 49. d4 Nxe4 50. Rxb3 Rxb3 51. Bxb3 Ng3 52. Bc4 h5 53. Re1 g5 54. Re7+ Kb6 55. Kd2 f3 56. Ke1 f5 57. Bd3 h4 58. Kf2 g4 59. Rh7 Ne4+ 60. Ke3 g3 0-1

[Event "Dresden"]
[Site "Dresden"]
[Date "1985.??.??"]
[Round "3"]
[White "Tischbierek, Raj"]
[Black "Smagin, Sergey"]
[Result "1/2-1/2"]
[WhiteElo "2465"]
[BlackElo "2485"]
[PlyCount "29"]
[EventDate "1985.11.18"]
[Source "ChessBase"]

1. e4 e5 2. Bc4 Nf6 3. d3 Nc6 4. Nc3 Bc5 5. f4 d6 6. Nf3 Na5 7. Bb3 a6 8. Qe2 Nxb3 9. axb3 Bg4 10. f5 h6 11. Be3 Bd4 12. O-O O-O 13. h3 Bxf3 14. Qxf3 Re8 15. Rac1 1/2-1/2

[Event "Boavista Masters"]
[Site "Porto"]
[Date "2000.01.03"]
[Round "7"]
[White "Mitkov, Nikola"]
[Black "Rocha, Sergio"]
[Result "1-0"]
[WhiteElo "2509"]
[BlackElo "2427"]
[PlyCount "65"]
[EventDate "1999.12.27"]
[Source "ChessBase"]
[SourceDate "2000.04.05"]

1. e4 e5 2. Bc4 Nf6 3. d3 Nc6 4. Nc3 Bc5 5. f4 d6 6. Nf3 Na5 7. Bb3 Nxb3 8. axb3 a6 9. Qe2 Qe7 10. Be3 Bxe3 11. Qxe3 Bd7 12. fxe5 Ng4 13. Qd2 Nxe5 14. Nd5 Nxf3+ 15. gxf3 Qd8 16. Qc3 O-O 17. O-O-O c6 18. Rhg1 f6 19. Nf4 Qe7 20. Nh5 Rf7 21. f4 d5 22. Rg2 Kh8 23. f5 dxe4 24. dxe4 Rg8 25. Nf4 Re8 26. Ng6+ hxg6 27. fxg6 Kg8 28. Qg3 f5 29. Qh3 Qe6 30. Qh7+ Kf8 31. gxf7 Qxf7 32. Qh8+ Ke7 33. Qxg7 1-0

[Event "5. Open"]
[Site "?"]
[Date "2004.11.07"]
[Round "9"]
[White "Perez Luis Manuel"]
[Black "Cabrera Alexis"]
[Result "1-0"]
[WhiteElo "2430"]
[BlackElo "2502"]
[PlyCount "73"]
[EventDate "2004.??.??"]
[Source "www.chesslib.no"]
[SourceDate "2004.05.04"]

1. e4 e5 2. Bc4 Nf6 3. Nc3 Nc6 4. d3 Bc5 5. f4 d6 6. Nf3 Bg4 7. h3 Bxf3 8. Qxf3 exf4 9. Bxf4 Ne5 10. Qe2 Nxc4 11. dxc4 Bb4 12. Qd3 O-O 13. O-O Bxc3 14. bxc3 Qe8 15. Rae1 Qc6 16. Re3 Qc5 17. e5 Nh5 18. Bh2 dxe5 19. Rf5 Rad8 20. Qe2 Nf6 21. Rfxe5 Qa3 22. Bf4 Qc1+ 23. Kh2 Qd1 24. Qf2 Rd2 25. Qh4 Nd7 26. Rh5 Nf6 27. Rh6 Ng4+ 28. hxg4 Qf1 29. Rg3 Rd1 30. Rf3 Qh1+ 31. Kg3 gxh6 32. Qxh1 Rxh1 33. Bxc7 Rc8 34. Be5 h5 35. g5 Rxc4 36. Rd3 Rg4+ 37. Kf2 1-0

[Event "Athens Kallidromio k.o."]
[Site "Athens GRE"]
[Date "1996.??.??"]
[Round "2"]
[White "Vouldis, Angelos"]
[Black "Skembris, Spyridon"]
[Result "1-0"]
[WhiteElo "2425"]
[BlackElo "2505"]
[PlyCount "65"]
[EventDate "1996.??.??"]
[Source "www.chesslib.no"]
[SourceDate "2004.05.04"]

1. e4 e5 2. f4 d6 3. Nc3 exf4 4. Nf3 Nf6 5. d4 Nh5 6. Qe2 Be7 7. Bd2 O-O 8. O-O-O Bg4 9. Nd5 Nc6 10. c3 Bg5 11. g3 Ne7 12. Nxf4 Ng6 13. Nxh5 Bxd2+ 14. Rxd2 Bxh5 15. Bh3 Qe7 16. Bf5 Nh8 17. g4 Bg6 18. Re1 f6 19. h4 Rae8 20. Qd3 Bf7 21. e5 g6 22. e6 gxf5 23. gxf5 Bh5 24. Rg2+ Ng6 25. fxg6 hxg6 26. d5 Kh7 27. Reg1 Rg8 28. Nd4 c6 29. Nf5 Qc7 30. Ng3 Bg4 31. Ne4 Bf5 32. Nxf6+ Kh8 33. Qxf5 1-0

[Event "Lyon Open"]
[Site "Lyon FRA"]
[Date "1993.??.??"]
[Round "9"]
[White "Mitkov, Nikola"]
[Black "Sharif, Mershad"]
[Result "1/2-1/2"]
[WhiteElo "2505"]
[BlackElo "2420"]
[PlyCount "78"]
[EventDate "1993.04.??"]
[Source "www.chesslib.no"]
[SourceDate "2004.05.04"]

1. e4 e5 2. Bc4 Nf6 3. d3 Nc6 4. Nc3 Bc5 5. f4 d6 6. Nf3 Bg4 7. Na4 Bb6 8. Nxb6 axb6 9. O-O O-O 10. c3 exf4 11. Bxf4 Nh5 12. Be3 Ne5 13. Nxe5 Bxd1 14. Nxf7 Qe7 15. Nxd6+ Kh8 16. Nf7+ Kg8 17. Raxd1 Nf6 18. e5 b5 19. Bb3 c5 20. Rde1 c4 21. dxc4 Rxf7 22. Bd4 Ng4 23. cxb5 Nh6 24. Bxf7+ Nxf7 25. e6 Nh8 26. Rf5 Re8 27. b4 Qd6 28. Rff1 Qd5 29. e7 Ng6 30. Bc5 Qxa2 31. Rf2 Qc4 32. Ref1 Nxe7 33. Bxe7 h6 34. Rf8+ Rxf8 35. Rxf8+ Kh7 36. Rf3 Qe4 37. Bc5 Qe1+ 38. Rf1 Qxc3 39. b6 Qe5 1/2-1/2

[Event "VLA"]
[Site "VLA Belgrade"]
[Date "1991.??.??"]
[Round "10"]
[White "Gluzman, Mikhail"]
[Black "Marinkovic, Ivan"]
[Result "1/2-1/2"]
[WhiteElo "2425"]
[BlackElo "2485"]
[PlyCount "29"]
[EventDate "1991.??.??"]
[Source "www.chesslib.no"]
[SourceDate "2004.05.04"]

1. e4 e5 2. Bc4 Nf6 3. d3 Nc6 4. Nc3 Bc5 5. f4 d6 6. Nf3 Bg4 7. Na4 Bb6 8. Nxb6 axb6 9. c3 O-O 10. O-O exf4 11. Bxf4 Nh5 12. Qd2 Nxf4 13. Qxf4 Be6 14. Bxe6 fxe6 15. Qg4 1/2-1/2

[Event "Calcutta op"]
[Site "Calcutta"]
[Date "1994.??.??"]
[Round "6"]
[White "Reefat, Bin Sattar"]
[Black "Lodhi, Mahmood"]
[Result "1-0"]
[WhiteElo "2430"]
[BlackElo "2475"]
[PlyCount "95"]
[EventDate "1994.02.??"]
[Source "ChessBase"]

1. e4 e5 2. Nc3 Nc6 3. f4 Bc5 4. Nf3 d6 5. Bc4 Nf6 6. d3 Bg4 7. h3 Bxf3 8. Qxf3 Nd4 9. Qd1 b5 10. Nxb5 O-O 11. Nxd4 Bxd4 12. c3 Bb6 13. fxe5 d5 14. exf6 dxc4 15. d4 Qxf6 16. Qf3 Rfe8 17. Qxf6 Rxe4+ 18. Kf2 gxf6 19. Bh6 Rae8 20. Rhe1 R4e6 21. Re3 Rxe3 22. Bxe3 Kg7 23. a4 a5 24. b3 cxb3 25. Rb1 f5 26. Rxb3 h5 27. Kf3 Re4 28. Rb5 Kf8 29. Bf4 Re6 30. Bd2 Rc6 31. Ke2 Ke7 32. Re5+ Re6 33. Bf4 Rxe5+ 34. Bxe5 Ke6 35. Kd3 c6 36. Kc4 f4 37. Bxf4 Kf5 38. Bd6 Ke4 39. Bc5 Bc7 40. Ba7 Kf4 41. Kc5 Kg3 42. Kxc6 Bf4 43. d5 Kxg2 44. d6 f5 45. d7 Bg5 46. Be3 Be7 47. Kd5 Bd8 48. Ke5 1-0

[Event "Beersheba-B"]
[Site "Beer Sheba ISR"]
[Date "1992.??.??"]
[Round "10"]
[White "Gofshtein, Zeev-Alon"]
[Black "Mikhalevski, Alexander"]
[Result "1-0"]
[WhiteElo "2485"]
[BlackElo "2400"]
[PlyCount "93"]
[EventDate "1992.??.??"]
[Source "www.chesslib.no"]
[SourceDate "2004.05.04"]

1. e4 e5 2. Nc3 Nf6 3. Bc4 Bc5 4. d3 Nc6 5. f4 d6 6. Nf3 Bg4 7. Na4 Bb6 8. Nxb6 axb6 9. O-O Bxf3 10. Qxf3 Nd4 11. Qd1 b5 12. Bb3 Nxb3 13. cxb3 O-O 14. Kh1 Re8 15. Bd2 d5 16. fxe5 Rxe5 17. Bf4 Re6 18. e5 Nd7 19. d4 Nf8 20. Qd3 Qd7 21. a3 Rg6 22. Rae1 Ne6 23. Bd2 b6 24. b4 Rf8 25. Rf2 f6 26. h3 fxe5 27. Rxf8+ Nxf8 28. Rxe5 Re6 29. Rf5 Re4 30. Rf1 Ne6 31. Bc3 h6 32. b3 Nf4 33. Qf3 Ne2 34. Qf8+ Kh7 35. Rf7 Qxf7 36. Qxf7 Nxc3 37. Qxc7 Ne2 38. Qxb6 Rxd4 39. Qxb5 Rd2 40. a4 d4 41. a5 d3 42. a6 Ng3+ 43. Kh2 Nf1+ 44. Kg1 Ng3 45. a7 Rd1+ 46. Kf2 Ne4+ 47. Kf3 1-0

[Event "Bern Open"]
[Site "Bern SUI"]
[Date "1994.??.??"]
[Round "9"]
[White "Liiva, Riho"]
[Black "Gausel, Einar"]
[Result "1/2-1/2"]
[WhiteElo "2395"]
[BlackElo "2485"]
[PlyCount "50"]
[EventDate "1994.02.??"]
[Source "www.chesslib.no"]
[SourceDate "2004.05.04"]

1. e4 e5 2. Nc3 Nf6 3. Bc4 Bc5 4. d3 d6 5. f4 Nc6 6. Nf3 h6 7. Na4 Bb6 8. Nxb6 axb6 9. Bb5 Qe7 10. O-O Bd7 11. Kh1 O-O-O 12. Qe1 exf4 13. Bxf4 g5 14. Bd2 Ng4 15. Bxc6 bxc6 16. h3 Ne5 17. Nxe5 dxe5 18. Qf2 g4 19. hxg4 Rhg8 20. Qf6 Qc5 21. Bc3 Rxg4 22. Rf2 Be6 23. Bxe5 Rg6 24. Qf4 Rg4 25. Qf6 Rg6 1/2-1/2

[Event "Dato Arthur Tan Malaysian Op"]
[Site "Kuala Lumpur MAS"]
[Date "2007.08.20"]
[Round "2"]
[White "Lim Yee Weng"]
[Black "Nguyen Anh Dung"]
[Result "0-1"]
[WhiteElo "2336"]
[BlackElo "2537"]
[PlyCount "138"]
[EventDate "2007.08.20"]
[Source "www.chesslib.no"]
[SourceDate "2004.05.04"]

1. e4 e5 2. Bc4 Nf6 3. d3 Nc6 4. Nc3 Bc5 5. f4 d6 6. Nf3 Bg4 7. Na4 Bb6 8. Nxb6 axb6 9. c3 exf4 10. Bxf4 Nh5 11. Be3 Ne5 12. Bb5+ c6 13. d4 Bxf3 14. gxf3 Ng6 15. Be2 Nhf4 16. Qd2 Qh4+ 17. Kd1 O-O 18. Kc2 f5 19. Bc4+ Kh8 20. Rae1 b5 21. Bb3 fxe4 22. fxe4 Nh3 23. Kb1 Qxe4+ 24. Bc2 Qd5 25. a3 Nh4 26. Qd3 Qh5 27. Ref1 Nf3 28. Bd1 Rf6 29. Bxf3 Rxf3 30. Rxf3 Qxf3 31. Rf1 Qg2 32. Qf5 h6 33. Rf3 Ng5 34. Bxg5 Qxg5 35. Qxg5 hxg5 36. Rf5 Re8 37. Rxg5 Re2 38. h4 d5 39. Kc1 Kh7 40. h5 Rh2 41. Kb1 Rf2 42. Kc1 Rf7 43. Kc2 Kh6 44. Re5 Rf2+ 45. Kc1 Rh2 46. Re7 Rxh5 47. Rxb7 g5 48. Rc7 g4 49. Kd2 Rf5 50. Ke2 Rf6 51. Re7 Kg5 52. Rg7+ Kh4 53. b3 Rf3 54. a4 bxa4 55. bxa4 Rxc3 56. a5 Ra3 57. Ra7 Kg3 58. a6 Kf4 59. Ra8 Ke4 60. a7 Ra2+ 61. Kf1 Kxd4 62. Rc8 Rxa7 63. Rxc6 Rf7+ 64. Kg2 Rf4 65. Kg3 Re4 66. Kf2 Kd3 67. Ra6 d4 68. Ra5 Kc2 69. Rc5+ Kb3 0-1

[Event "Villa de Mislata Cerrado-1"]
[Site "Mislata"]
[Date "2001.08.26"]
[Round "7.5"]
[White "Romero Holmes, Alfonso"]
[Black "Garcia Fernandez, Carlos"]
[Result "1/2-1/2"]
[WhiteElo "2455"]
[BlackElo "2411"]
[PlyCount "49"]
[EventDate "2001.08.20"]
[Source "www.chesslib.no"]
[SourceDate "2004.05.04"]

1. e4 d6 2. f4 e5 3. d3 g6 4. Nf3 Bg7 5. Nc3 Nc6 6. Be3 Nf6 7. Be2 O-O 8. O-O Ng4 9. Bd2 exf4 10. Bxf4 Nd4 11. Kh1 Nxe2 12. Qxe2 Ne5 13. Qd2 Bg4 14. Rae1 Qd7 15. Ng1 Be6 16. b3 c5 17. Bh6 Bxh6 18. Qxh6 f6 19. Nge2 d5 20. exd5 Bxd5 21. Qh4 Bc6 22. Ng3 Kg7 23. Nce4 Qe7 24. Re2 Rae8 25. h3 1/2-1/2

[Event "Groningen op"]
[Site "Groningen"]
[Date "1999.12.26"]
[Round "7"]
[White "Jonkman, Harmen"]
[Black "Ernst, Sipke"]
[Result "0-1"]
[WhiteElo "2421"]
[BlackElo "2444"]
[PlyCount "78"]
[EventDate "1999.12.19"]
[Source "ChessBase"]
[SourceDate "2000.01.11"]

1. e4 e5 2. f4 Nc6 3. Bc4 Nf6 4. Nc3 Nxe4 5. Nf3 Nd6 6. Bd5 e4 7. Qe2 Be7 8. Nxe4 Nxe4 9. Qxe4 Nb4 10. O-O Nxd5 11. Qxd5 c6 12. Qh5 O-O 13. d3 d6 14. Be3 Bf6 15. Rab1 g6 16. Qh6 Bg7 17. Qg5 Be6 18. b3 c5 19. a4 Re8 20. Rbe1 Qd7 21. h3 b6 22. Bd2 a6 23. Qh4 Qd8 24. Qg3 Qd7 25. Ng5 Bd5 26. f5 Rxe1 27. Rxe1 Qxf5 28. Qxd6 Bd4+ 29. Kh1 Bxg2+ 30. Kxg2 Qf2+ 31. Kh1 Qxd2 32. Qe7 Ra7 33. Qd8+ Kg7 34. Rf1 Qe2 35. Rb1 Be5 36. Kg1 Bh2+ 37. Kh1 Bc7 38. Ne6+ Qxe6 39. Qh4 Qe2 0-1

[Event "Leeuwarden Open"]
[Site "Leeuwarden NED"]
[Date "1995.??.??"]
[Round "7"]
[White "Kuijf, Marinus N"]
[Black "Mikhalevski, Alexander"]
[Result "0-1"]
[WhiteElo "2465"]
[BlackElo "2400"]
[PlyCount "62"]
[EventDate "1995.08.??"]
[Source "www.chesslib.no"]
[SourceDate "2004.05.04"]

1. e4 e5 2. Bc4 Nf6 3. d3 Bc5 4. Nc3 Nc6 5. f4 d6 6. Nf3 Bg4 7. Na4 Bb6 8. Nxb6 axb6 9. c3 exf4 10. Bxf4 O-O 11. O-O d5 12. exd5 Nxd5 13. Qd2 Bxf3 14. Rxf3 Na5 15. Bxd5 Qxd5 16. Raf1 c5 17. a3 Rae8 18. b4 Nc6 19. Bc7 Re6 20. Rf5 Qd7 21. Bxb6 cxb4 22. Bc5 bxc3 23. Qf2 Ne7 24. Rxf7 Rf6 25. Rxf8+ Kxf8 26. Qe2 Rxf1+ 27. Qxf1+ Kg8 28. d4 h6 29. Qd3 Nd5 30. Kf1 c2 31. Qc4 Qe6 0-1

[Event "Mitropa Cup"]
[Site "Buekfuerdo"]
[Date "1995.??.??"]
[Round "8"]
[White "Kuijf, Marinus"]
[Black "Leventic, Ivan"]
[Result "1-0"]
[WhiteElo "2465"]
[BlackElo "2400"]
[PlyCount "68"]
[EventDate "1995.02.??"]
[Source "ChessBase"]

1. e4 e5 2. Bc4 Nf6 3. d3 Nc6 4. Nc3 Bc5 5. f4 d6 6. Nf3 Bg4 7. Na4 Bb6 8. Nxb6 axb6 9. c3 O-O 10. O-O exf4 11. Bxf4 Nh5 12. Qd2 Nxf4 13. Qxf4 Bxf3 14. Rxf3 Ne5 15. Rg3 Kh8 16. Bb3 Ra5 17. Rf1 Qe7 18. d4 Ng6 19. Qe3 Rh5 20. Rgf3 f6 21. Rg3 Rh4 22. Bc2 Re8 23. Rf5 Qe6 24. a3 c6 25. Qf2 Rxe4 26. Bxe4 Qxe4 27. Qf1 d5 28. Rff3 Qe1 29. h3 Kg8 30. Qxe1 Rxe1+ 31. Kh2 Re4 32. Rf2 b5 33. Rd3 Kf7 34. Rdd2 Ne7 1-0

[Event "TCh-BEL 2007-8"]
[Site "Belgium BEL"]
[Date "2008.01.06"]
[Round "6"]
[White "Van Eijk, S."]
[Black "Vajda, L."]
[Result "1/2-1/2"]
[WhiteElo "2283"]
[BlackElo "2579"]
[PlyCount "122"]
[EventDate "2008.01.06"]
[Source "www.chesslib.no"]
[SourceDate "2004.05.04"]

1. e4 e5 2. f4 d6 3. Nf3 Nc6 4. Bb5 exf4 5. d4 Nge7 6. Bxf4 Ng6 7. Bg3 Be7 8. Nc3 O-O 9. Qd2 Bg4 10. O-O Bf6 11. Nd5 Bxf3 12. Nxf6+ Qxf6 13. Bxc6 bxc6 14. Rxf3 Qe6 15. Re3 Rfe8 16. Ree1 Qg4 17. Qe2 Qg5 18. Qf3 Nf8 19. Rad1 Qb5 20. b3 f6 21. Qd3 Rad8 22. a4 Qb7 23. e5 fxe5 24. dxe5 d5 25. Rf1 Qb6+ 26. Kh1 c5 27. a5 Qc6 28. Rf5 Ne6 29. Rdf1 Rf8 30. Rxf8+ Rxf8 31. Rxf8+ Nxf8 32. h3 Ne6 33. Kh2 a6 34. c3 h6 35. h4 c4 36. bxc4 Qxc4 37. Qf5 Qc6 38. Qf3 Nf8 39. h5 Qe6 40. Qe3 Nd7 41. Qa7 c5 42. Kg1 Qc6 43. Bf2 Kf7 44. Kh1 Ke6 45. Bg3 Kf5 46. Kh2 Ke4 47. e6 Qxe6 48. Qb7 Kf5 49. c4 Nf6 50. Qxg7 Nxh5 51. Qf8+ Nf6 52. cxd5 Qxd5 53. Bh4 Qe5+ 54. Kh1 Qa1+ 55. Kh2 c4 56. Qc8+ Kg6 57. Qxa6 Qe5+ 58. Kh1 Qa1+ 59. Kh2 Qe5+ 60. Kh1 Qa1+ 61. Kh2 Qe5+ 1/2-1/2

[Event "IECC P-577"]
[Site "?"]
[Date "1997.??.??"]
[Round "?"]
[White "Peddie, Ian"]
[Black "Malmstroem, Jan"]
[Result "0-1"]
[WhiteElo "2450"]
[BlackElo "2400"]
[PlyCount "72"]
[EventDate "1997.??.??"]
[Source "www.chesslib.no"]
[SourceDate "2004.05.04"]

1. e4 e5 2. Nc3 Nf6 3. Bc4 Nc6 4. d3 Bc5 5. f4 d6 6. Nf3 Ng4 7. Ng5 exf4 8. Bxf7+ Kf8 9. Bxf4 Nf2 10. Qh5 Qf6 11. Bb3 Nxh1 12. Nd5 Qg6 13. Qf3 Nd4 14. Bxd6+ Ke8 15. Nxc7+ Kd7 16. Qf7+ Qxf7 17. Nxf7 Bxd6 18. Nxa8 Rf8 19. Nxd6 Kxd6 20. c3 Nxb3 21. axb3 Nf2 22. Kd2 Kc6 23. Rxa7 Rd8 24. d4 Nxe4+ 25. Ke2 Re8 26. d5+ Kd6 27. Kf3 Nd2+ 28. Kf2 Rf8+ 29. Ke1 Nxb3 30. Nb6 Kc7 31. Nxc8 Rxc8 32. Ra3 Re8+ 33. Kd1 Nc5 34. c4 Re4 35. b3 Re3 36. Kd2 Rxb3 0-1

[Event "Berlin Open"]
[Site "Berlin West"]
[Date "1988.??.??"]
[Round "6"]
[White "Berg, Klaus"]
[Black "Tolnai, Tibor"]
[Result "0-1"]
[WhiteElo "2385"]
[BlackElo "2465"]
[PlyCount "98"]
[EventDate "1988.08.??"]
[Source "www.chesslib.no"]
[SourceDate "2004.05.04"]

1. e4 e5 2. Nc3 Nf6 3. Bc4 Bc5 4. f4 d6 5. Nf3 Nc6 6. d3 Bg4 7. f5 h6 8. Na4 Bxf3 9. Qxf3 Nd4 10. Qd1 b5 11. Nxc5 bxc4 12. Na4 Nxe4 13. dxe4 Qh4+ 14. Kf1 Qxe4 15. Bd2 Nxc2 16. Rc1 Nd4 17. Bc3 Nxf5 18. Qf3 Qxf3+ 19. gxf3 f6 20. Kf2 c6 21. Ba5 d5 22. b3 cxb3 23. axb3 Nd4 24. Bc3 Ne6 25. Bb4 Rb8 26. Bd6 Rxb3 27. Rxc6 Rxf3+ 28. Kg2 Kf7 29. Rb1 Re3 30. Rb7+ Kg6 31. Rxa7 Kf5 32. Nb6 Nf4+ 33. Kf1 Rg8 34. Nc8 Ke4 35. Ba3 Rf3+ 36. Ke1 Rb3 37. Kd2 d4 38. Bc1 Rh3 39. Kc2 Rxh2+ 40. Kb3 Nd3 41. Ba3 h5 42. Nd6+ Kf4 43. Rcc7 Rg2 44. Kc4 h4 45. Kxd3 h3 46. Rc1 h2 47. Rh1 Rh8 48. Bc1+ Kf3 49. Ra3 Rg1 0-1

[Event "Polanica Zdroj op-A"]
[Site "Polanica Zdroj"]
[Date "2000.??.??"]
[Round "8"]
[White "Jakubiec, Artur"]
[Black "Novitzkij, Dmitrij"]
[Result "1-0"]
[WhiteElo "2488"]
[BlackElo "2347"]
[PlyCount "41"]
[EventDate "2000.08.17"]
[Source "www.chesslib.no"]
[SourceDate "2004.05.04"]

1. f4 e5 2. e4 Bc5 3. Nf3 d6 4. c3 Nf6 5. d4 exd4 6. cxd4 Bb4+ 7. Bd2 Bxd2+ 8. Nbxd2 Qe7 9. Qe2 O-O 10. e5 Nd5 11. Qe4 c6 12. f5 Nd7 13. O-O-O dxe5 14. dxe5 Nc5 15. Qg4 g6 16. e6 Ne3 17. Qf4 Nxf1 18. Nc4 fxe6 19. Rhxf1 exf5 20. Rfe1 Qxe1 21. Nxe1 1-0

[Event "X Festival Pan Sub14 F"]
[Site "Matinhos"]
[Date "1999.??.??"]
[Round "?"]
[White "Stiegmeier, Fernando"]
[Black "Wanetick, Saul"]
[Result "1-0"]
[WhiteElo "2390"]
[BlackElo "2420"]
[PlyCount "69"]
[EventDate "1999.09.30"]
[Source "www.chesslib.no"]
[SourceDate "2004.05.04"]

1. e4 e5 2. Nc3 Bc5 3. Bc4 Nf6 4. d3 d6 5. f4 Nc6 6. Nf3 Bg4 7. h3 Bxf3 8. Qxf3 Nd4 9. Qg3 Nh5 10. Qg4 g6 11. fxe5 dxe5 12. Bh6 Qd7 13. Qxd7+ Kxd7 14. O-O-O f5 15. Na4 Bd6 16. c3 Ne2+ 17. Kb1 Neg3 18. Rhe1 c6 19. d4 exd4 20. e5 Be7 21. cxd4 Kc7 22. Nc3 b5 23. Bb3 b4 24. d5 bxc3 25. d6+ Bxd6 26. exd6+ Kb6 27. Re7 f4 28. Be6 cxb2 29. Kxb2 Rad8 30. Bg4 Rhg8 31. Re5 Ng7 32. Bxf4 N3f5 33. d7 h6 34. Kc3 Kb7 35. Rb1+ 1-0